La higiene de los órganos vocales (Record no. 158410)

MARC details
000 -LEADER
campo de control de longitud fija 00689nam a22001695i 4500
001 - NÚMERO DE CONTROL
campo de control 158410
003 - IDENTIFICADOR DE NÚMERO DE CONTROL
campo de control ES-MaACL
005 - FECHA Y HORA DE LA ÚLTIMA TRANSACCIÓN
campo de control 20230906211135.0
008 - DATOS DE LONGITUD FIJA--INFORMACIÓN GENERAL
campo de control de longitud fija 940202s1888 sp |||| | spa d
040 ## - FUENTE DE CATALOGACIÓN
Centro catalogador/agencia de origen AS
Lengua de catalogación spa
100 1# - ENTRADA PRINCIPAL--NOMBRE DE PERSONA
Nombre de persona Mackenzie, Morell.
9 (RLIN) 75252
245 13 - MENCIÓN DEL TÍTULO
Título La higiene de los órganos vocales
Resto del título : manual práctico para cantores y oradores /
Mención de responsabilidad, etc. por Sir Morell Mackenzie ; traducido de la quinta edición por Ramón de la Sota y Lastra.
260 ## - PUBLICACIÓN, DISTRIBUCIÓN, ETC.
Lugar de publicación, distribución, etc. Madrid :
Nombre del editor, distribuidor, etc. [s.n.],
Fecha de publicación, distribución, etc. 1888 (
Fabricante Establecimiento tipográfico de Enrique Teodoro)
300 ## - DESCRIPCIÓN FÍSICA
Extensión XIX, 175 p. :
Otras características físicas il. ;
Dimensiones 24 cm.
700 2# - ENTRADA AGREGADA--NOMBRE PERSONAL
Nombre de persona Sota y Lastra, Ramón de la,
Término indicativo de función/relación
9 (RLIN) 132837
852 ## - LOCALIZACIÓN
Ubicación ES-MaACL
Número de control de estantería F-12290
Nota libre -- Enc. hol.
Holdings
Estatus retirado Estado de pérdida Estado de daño No para préstamo Colección Biblioteca de origen Biblioteca actual Ubicación en estantería Fecha de adquisición Fuente de adquisición Total de préstamos Signatura topográfica completa Código de barras Visto por última vez Precio de reemplazo Tipo de ítem Koha
        Libros del s. XIX Biblioteca del Ateneo de Madrid Biblioteca del Ateneo de Madrid Sala Pecera Planta 2 17/01/2008     F-12290 1165795 23/02/2023 23/02/2023 Libro impreso antiguo